Ist__Land? #3 - Statistiken

Allgemein
  • Dieses Quiz wurde 504 mal gespielt
  • Das Durchschnittsergebnis liegt bei 14 aus 15
Antwortstatistiken
Frage Antwort % Korrekt
Ist San Marino ein Land Jawohl
100%
Ist Palau ein Land? Jawohl
100%
Ist El Salvador ein Land? Jawohl
100%
Ist Queensland ein Land? Nein
100%
Ist Alberta ein Land? Nein
100%
Ist Arkansas ein Land Nein
100%
Ist Lightraintoxicnow ein Land? Nein
100%
Ist Warschau ein Land? Nein
100%
Ist Freetown ein Land? Nein
100%
Ist Ozeanien ein Land? Nein
100%
Ist Sao Tome und Principe ein Land? Jawohl
93%
Ist Tunesien ein Staat? Jawohl
86%
Ist Malediven ein Land? Jawohl
86%
Ist Honduras ein Staat? Jawohl
86%
Ist Französisch-Guayana ein Land? Nein
43%
Keine übereinstimmenden Quizze gefunden
Verteilung der Resultate
Anzahl Personen mit jedem Resultat
Perzentil nach korrekt beantworteten Fragen
Ihre Resultats-Entwicklung
Sie haben dieses Quiz noch nicht gespielt